000 00253nam a22001217a 4500
008 170406b xxu||||| |||| 00| 0 eng d
041 _aeng
080 _25TH
_a611.018
100 _a9
101 _aSHM
245 _aHISTOLOGY
_cHAM, A.W
942 _2udc
_cBK
999 _c9914
_d9914